[Event "Wloclawek CC Classic 18th"]
[Site "Wloclawek"]
[Date "2017.??.??"]
[Round "2"]
[White "Jablonski, Mariusz"]
[Black "Blajet, Radoslaw"]
[Result "0-1"]
[WhiteElo "2152"]
[BlackElo "1776"]
[PlyCount "60"]
[EventDate "2017.04.??"]
[EventType "swiss"]
[EventRounds "7"]
[EventCountry "POL"]
[SourceTitle "EXT 2021"]
[Source "ChessBase"]
[SourceDate "2020.10.23"]
[SourceVersion "1"]
[SourceVersionDate "2020.10.23"]
[SourceQuality "1"]

1. e4 e6 2. d3 b6 3. Nf3 Bb7 4. Nc3 Be7 5. d4 d6 6. Bd3 Nd7 7. 0-0 h6 8. e5 d5 9. Ne2 c5 10. c3 Qc7 11. Be3 0-0-0 12. a4 c4 13. Bc2 f5 14. exf6 gxf6 15. Nf4 Nf8 16. Nh4 Bd6 17. Nhg6 Nxg6 18. Nxe6 Qf7 19. Nxd8 Kxd8 20. a5 b5 21. a6 Bc6 22. b3 N8e7 23. bxc4 dxc4 24. d5 Bxd5 25. Bxa7 Rg8 26. Be4 Nf4 27. Be3 Nxg2 28. Kh1 Nxe3 29. fxe3 Bxe4+ 30. Rf3 Qd5 0-1

[Event "Wloclawek CC Classic 18th"]
[Site "Wloclawek"]
[Date "2017.??.??"]
[Round "4"]
[White "Janik, Krystian"]
[Black "Jablonski, Mariusz"]
[Result "1/2-1/2"]
[WhiteElo "1833"]
[BlackElo "2152"]
[PlyCount "93"]
[EventDate "2017.04.??"]
[EventType "swiss"]
[EventRounds "7"]
[EventCountry "POL"]
[SourceTitle "EXT 2021"]
[Source "ChessBase"]
[SourceDate "2020.10.23"]
[SourceVersion "1"]
[SourceVersionDate "2020.10.23"]
[SourceQuality "1"]

1. d4 Nf6 2. c3 g6 3. Nd2 Bg7 4. e4 d6 5. Ngf3 0-0 6. Bc4 d5 7. exd5 Nxd5 8. 0-0 c6 9. Re1 Nd7 10. Ne4 N7f6 11. Ng3 Qc7 12. Bg5 h6 13. Bxf6 Bxf6 14. Ne5 Bg7 15. Qf3 Be6 16. Bd3 Rad8 17. Rad1 c5 18. c4 Nb4 19. d5 Bxd5 20. cxd5 Bxe5 21. Bc4 Bxb2 22. Qe4 Rd7 23. d6 Rxd6 24. Rxd6 Qxd6 25. Qxb7 Qd4 26. Bf1 e6 27. Qxa7 Qd5 28. a3 Ra8 29. Qe7 Rxa3 30. Ne4 Bd4 31. Nd6 Bxf2+ 32. Kh1 Qxd6 33. Qxd6 Bxe1 34. Qxc5 Ra1 35. Qc8+ Kg7 36. Kg1 Nd5 37. g3 Bd2 38. Kf2 Be3+ 39. Ke2 Ra2+ 40. Kd3 Rxh2 41. Be2 Rg2 42. Qb8 h5 43. Qb2+ Kh7 44. Qb7 Kg7 45. Qb2+ Kh7 46. Qb7 Kg8 47. Qb8+ 1/2-1/2

[Event "Wloclawek CC Classic 18th"]
[Site "Wloclawek"]
[Date "2017.??.??"]
[Round "7"]
[White "Musial, Adam"]
[Black "Jablonski, Mariusz"]
[Result "0-1"]
[WhiteElo "1735"]
[BlackElo "2152"]
[PlyCount "90"]
[EventDate "2017.04.??"]
[EventType "swiss"]
[EventRounds "7"]
[EventCountry "POL"]
[SourceTitle "EXT 2021"]
[Source "ChessBase"]
[SourceDate "2020.10.23"]
[SourceVersion "1"]
[SourceVersionDate "2020.10.23"]
[SourceQuality "1"]

1. d4 Nf6 2. c4 g6 3. f3 c5 4. d5 e6 5. Nc3 exd5 6. cxd5 d6 7. e4 Bg7 8. Bd3 0-0 9. Nge2 b6 10. 0-0 Ba6 11. Nb5 Bxb5 12. Bxb5 a6 13. Bd3 b5 14. Be3 Re8 15. Qd2 Nbd7 16. Bf4 Qb6 17. Kh1 Ne5 18. Bxe5 Rxe5 19. Rad1 Rae8 20. Ng3 R5e7 21. Rfe1 Rc7 22. Qf2 Qa5 23. Bb1 Nd7 24. f4 Qb4 25. h4 Qxb2 26. Re2 Qf6 27. Nf1 h5 28. Nh2 Nb6 29. g4 Na4 30. g5 Qd8 31. Rde1 Nc3 32. f5 Nxe2 33. Rxe2 Bd4 34. Qf3 Re5 35. f6 Re8 36. Nf1 Be5 37. Ne3 Kh7 38. Nf5 Bxf6 39. Nxd6 Qxd6 40. gxf6 Qe5 41. Rg2 Rd7 42. Rg5 Qa1 43. Rg1 Rd6 44. e5 Qxe5 45. Bxg6+ fxg6 0-1

[Event "Wloclawek CC Classic-A 02nd"]
[Site "Wloclawek"]
[Date "2011.??.??"]
[Round "6"]
[White "Augustowski, Janusz"]
[Black "Jablonski, Mariusz"]
[Result "0-1"]
[WhiteElo "1981"]
[BlackElo "2228"]
[PlyCount "74"]
[EventDate "2011.09.??"]
[EventType "tourn"]
[EventRounds "10"]
[EventCountry "POL"]
[SourceTitle "EXT 2021"]
[Source "ChessBase"]
[SourceDate "2020.10.23"]
[SourceVersion "1"]
[SourceVersionDate "2020.10.23"]
[SourceQuality "1"]

1. d4 Nf6 2. b3 g6 3. Bb2 Bg7 4. c4 d6 5. g3 0-0 6. Bg2 c5 7. Nf3 Nc6 8. d5 Nb4 9. a3 Na6 10. 0-0 Nc7 11. Nbd2 b5 12. Qc2 Rb8 13. e4 bxc4 14. bxc4 Rxb2 15. Qxb2 Nxe4 16. Qb8 Nxd2 17. Nxd2 Bxa1 18. Rxa1 Na6 19. Qxa7 Qa5 20. Ne4 Re8 21. Bf1 h6 22. f4 f5 23. Nf2 Qc3 24. Rb1 Qxa3 25. Rb8 Kf8 26. Ra8 Bd7 27. Rxe8+ Bxe8 28. g4 fxg4 29. Nxg4 h5 30. Nf2 Qa2 31. Qb7 Nb4 32. Qc8 Qb1 33. Qe6 Bf7 34. Qe3 Nc2 35. Qd3 Qb2 36. Ne4 Qd4+ 37. Kg2 Ne1+ 0-1

[Event "Wloclawek CC Classic-A 02nd"]
[Site "Wloclawek"]
[Date "2011.??.??"]
[Round "7"]
[White "Jablonski, Mariusz"]
[Black "Kulinski, Krzysztof"]
[Result "0-1"]
[WhiteElo "2228"]
[BlackElo "2099"]
[PlyCount "96"]
[EventDate "2011.09.??"]
[EventType "tourn"]
[EventRounds "10"]
[EventCountry "POL"]
[SourceTitle "EXT 2021"]
[Source "ChessBase"]
[SourceDate "2020.10.23"]
[SourceVersion "1"]
[SourceVersionDate "2020.10.23"]
[SourceQuality "1"]

1. e4 c5 2. Nf3 d6 3. d4 cxd4 4. Nxd4 Nf6 5. Nc3 a6 6. Be3 e5 7. Nb3 Be6 8. f3 Be7 9. Qd2 Nbd7 10. 0-0-0 Qc7 11. g4 h6 12. h4 b5 13. Kb1 Nb6 14. Na5 b4 15. Nd5 Nbxd5 16. exd5 Nxd5 17. Nb3 Nxe3 18. Qxe3 a5 19. Bb5+ Bd7 20. Bxd7+ Qxd7 21. f4 a4 22. fxe5 axb3 23. exd6 bxc2+ 24. Kxc2 Qa4+ 25. Kd2 0-0 26. dxe7 Rfe8 27. Rhe1 Qxa2 28. Qd4 Qa5 29. Re5 Qc7 30. Rc1 Qb7 31. Rce1 f6 32. R5e4 b3 33. g5 Ra5 34. Qc4+ Qd5+ 35. Qxd5+ Rxd5+ 36. Kc3 hxg5 37. hxg5 Rxg5 38. Kxb3 Rb5+ 39. Kc3 Kf7 40. b4 f5 41. Re5 Rxe5 42. Rxe5 Kf6 43. Kd4 Rxe7 44. Rxe7 Kxe7 45. Kc5 Kd7 46. Kb6 f4 47. b5 f3 48. Ka7 f2 0-1

[Event "Wloclawek CC Classic-A 02nd"]
[Site "Wloclawek"]
[Date "2011.??.??"]
[Round "2"]
[White "Kulinski, Krzysztof"]
[Black "Jablonski, Mariusz"]
[Result "0-1"]
[WhiteElo "2099"]
[BlackElo "2228"]
[PlyCount "58"]
[EventDate "2011.09.??"]
[EventType "tourn"]
[EventRounds "10"]
[EventCountry "POL"]
[SourceTitle "EXT 2021"]
[Source "ChessBase"]
[SourceDate "2020.10.23"]
[SourceVersion "1"]
[SourceVersionDate "2020.10.23"]
[SourceQuality "1"]

1. d4 Nf6 2. Nf3 g6 3. c4 Bg7 4. g3 0-0 5. Bg2 d6 6. 0-0 Nbd7 7. Nc3 e5 8. e4 c6 9. h3 Qe7 10. Re1 Re8 11. Be3 exd4 12. Nxd4 a5 13. Qd2 Nc5 14. Bf4 Nfd7 15. Nb3 Be5 16. Bxe5 Nxb3 17. axb3 dxe5 18. Ne2 Nc5 19. Ra3 Rd8 20. Qc2 Nd3 21. Rd1 Nb4 22. Rxd8+ Qxd8 23. Qc1 Be6 24. Nc3 Qb6 25. Na4 Qd4 26. Qc3 Qd1+ 27. Kh2 Nc2 28. Ra2 Nd4 29. Nc5 Ne2 0-1

[Event "POL-chT 2nd League"]
[Site "Wysowa"]
[Date "2007.09.10"]
[Round "8"]
[White "Czarnecki, Wojciech"]
[Black "Jablonski, Mariusz"]
[Result "1/2-1/2"]
[WhiteElo "2031"]
[BlackElo "2257"]
[PlyCount "43"]
[EventDate "2007.09.03"]
[EventType "team-swiss"]
[EventRounds "9"]
[EventCountry "POL"]
[SourceTitle "EXT 2010"]
[Source "ChessBase"]
[SourceDate "2010.11.25"]
[SourceVersion "1"]
[SourceVersionDate "2010.11.25"]
[SourceQuality "1"]
[WhiteTeam "Pilzno GKSz Hetman"]
[BlackTeam "Wloclawek Leszczynski"]
[WhiteTeamCountry "POL"]
[BlackTeamCountry "POL"]

1. Nf3 Nf6 2. g3 g6 3. Bg2 Bg7 4. 0-0 0-0 5. c4 d6 6. Nc3 Nc6 7. d3 e5 8. Rb1 a5 9. a3 Re8 10. Nd2 Nd4 11. e3 Ne6 12. b4 axb4 13. axb4 c6 14. Qb3 Qc7 15. Bb2 h5 16. Ra1 Rxa1 17. Rxa1 Ng4 18. Ra8 f5 19. h3 Nf6 20. Ne2 Kh7 21. d4 e4 22. c5 1/2-1/2

[Event "POL-chT 2nd League"]
[Site "Wysowa"]
[Date "2007.09.06"]
[Round "4"]
[White "Olenderek, Tomasz"]
[Black "Jablonski, Mariusz"]
[Result "1/2-1/2"]
[WhiteElo "2141"]
[BlackElo "2257"]
[PlyCount "23"]
[EventDate "2007.09.03"]
[EventType "team-swiss"]
[EventRounds "9"]
[EventCountry "POL"]
[SourceTitle "EXT 2010"]
[Source "ChessBase"]
[SourceDate "2010.11.25"]
[SourceVersion "1"]
[SourceVersionDate "2010.11.25"]
[SourceQuality "1"]
[WhiteTeam "Warszawa YMCA"]
[BlackTeam "Wloclawek Leszczynski"]
[WhiteTeamCountry "POL"]
[BlackTeamCountry "POL"]

1. d4 Nf6 2. Nf3 g6 3. Nbd2 Bg7 4. c3 d6 5. e4 0-0 6. Bd3 c5 7. dxc5 dxc5 8. Qc2 Qc7 9. 0-0 Nc6 10. Re1 e5 11. a4 Rd8 12. h3 1/2-1/2

[Event "Wloclawek Weekend Classic 3rd"]
[Site "Wloclawek"]
[Date "2007.08.27"]
[Round "2"]
[White "Gawronski, Miroslaw"]
[Black "Jablonski, Mariusz"]
[Result "1-0"]
[WhiteElo "2199"]
[BlackElo "2257"]
[PlyCount "73"]
[EventDate "2007.08.24"]
[EventType "swiss"]
[EventRounds "5"]
[EventCountry "POL"]
[SourceTitle "EXT 2011"]
[Source "ChessBase"]
[SourceDate "2010.11.26"]
[SourceVersion "1"]
[SourceVersionDate "2010.11.26"]
[SourceQuality "1"]

1. d4 Nf6 2. c4 g6 3. g3 Bg7 4. Bg2 0-0 5. e4 d6 6. Nc3 Nc6 7. Nge2 e5 8. d5 Ne7 9. f3 c6 10. Be3 cxd5 11. cxd5 Ne8 12. Qd2 Bd7 13. 0-0 f5 14. a4 a5 15. Rfc1 Nf6 16. h3 Qe8 17. Ra3 Nc8 18. Qd3 Rb8 19. Nb5 Bxb5 20. axb5 b6 21. Rc7 fxe4 22. fxe4 Qd8 23. Rac3 Ne8 24. Rxc8 Rxc8 25. Rxc8 Qxc8 26. Bxb6 Qb7 27. Be3 Nc7 28. Nc3 Rb8 29. Bf1 Bf6 30. Qc4 Ne8 31. Qc6 Qf7 32. b6 Bd8 33. Be2 h5 34. Kg2 Kg7 35. Bb5 Bf6 36. Ba6 Be7 37. Bc8 1-0

[Event "Wloclawek Weekend Classic 3rd"]
[Site "Wloclawek"]
[Date "2007.08.27"]
[Round "1"]
[White "Jablonski, Mariusz"]
[Black "Flis, Pawel"]
[Result "1-0"]
[WhiteElo "2257"]
[BlackElo "2041"]
[PlyCount "83"]
[EventDate "2007.08.24"]
[EventType "swiss"]
[EventRounds "5"]
[EventCountry "POL"]
[SourceTitle "EXT 2011"]
[Source "ChessBase"]
[SourceDate "2010.11.26"]
[SourceVersion "1"]
[SourceVersionDate "2010.11.26"]
[SourceQuality "1"]

1. e4 e5 2. Nc3 Nf6 3. g3 d5 4. exd5 Nxd5 5. Bg2 Nxc3 6. bxc3 Bd6 7. Ne2 0-0 8. 0-0 Nc6 9. Rb1 Qe8 10. d3 Rb8 11. Re1 Be6 12. c4 Qd7 13. Be3 Bb4 14. Rxb4 Nxb4 15. Bc5 Nc6 16. Bxf8 Rxf8 17. Qb1 Rb8 18. Qb5 f6 19. Bd5 Qd6 20. Rb1 Bxd5 21. cxd5 Ne7 22. c4 Nf5 23. Qa5 a6 24. Qa4 h5 25. h4 Kf7 26. Qb3 Ke7 27. Qd1 g6 28. d4 Kf7 29. dxe5 Qxe5 30. Qd3 Re8 31. Nf4 b6 32. Ne6 Re7 33. Kf1 Nd6 34. Re1 Qf5 35. Qe3 Kg8 36. Qh6 Rf7 37. Nf4 Rg7 38. Ne6 Rf7 39. Nf4 Rg7 40. Kg2 Nxc4 41. Re8+ Kf7 42. Qh8 1-0

[Event "Wloclawek Weekend Classic 3rd"]
[Site "Wloclawek"]
[Date "2007.08.27"]
[Round "5"]
[White "Lewandowski, Rafal"]
[Black "Jablonski, Mariusz"]
[Result "1-0"]
[WhiteElo "2182"]
[BlackElo "2257"]
[PlyCount "65"]
[EventDate "2007.08.24"]
[EventType "swiss"]
[EventRounds "5"]
[EventCountry "POL"]
[SourceTitle "EXT 2011"]
[Source "ChessBase"]
[SourceDate "2010.11.26"]
[SourceVersion "1"]
[SourceVersionDate "2010.11.26"]
[SourceQuality "1"]

1. e4 c5 2. Nf3 Nc6 3. d4 cxd4 4. Nxd4 Nf6 5. Nc3 e5 6. Ndb5 d6 7. Bg5 a6 8. Na3 b5 9. Nd5 Be7 10. Bxf6 Bxf6 11. c3 Bg5 12. Nc2 0-0 13. a4 bxa4 14. Rxa4 a5 15. Bc4 Rb8 16. Ra2 Kh8 17. Nce3 g6 18. Qe2 f5 19. exf5 gxf5 20. f3 f4 21. Nd1 e4 22. fxe4 Bh4+ 23. Kd2 Ne5 24. h3 f3 25. gxf3 Rxf3 26. Kc2 Bxh3 27. N5e3 Qb6 28. Bd5 Rbf8 29. Kb1 Bg5 30. Nf5 Bg4 31. Qh2 h5 32. Qxh5+ Bxh5 33. Rxh5+ 1-0

[Event "POL-chT 2nd League"]
[Site "Wysowa"]
[Date "2005.09.03"]
[Round "8.57"]
[White "Jablonski, Mariusz"]
[Black "Zolnierowicz, Krzysztof"]
[Result "1-0"]
[WhiteElo "2266"]
[BlackElo "2276"]
[PlyCount "63"]
[EventDate "2005.08.27"]
[EventType "team-swiss"]
[EventRounds "9"]
[EventCountry "POL"]
[SourceTitle "EXT 2019"]
[Source "ChessBase"]
[SourceDate "2018.10.10"]
[SourceVersion "1"]
[SourceVersionDate "2018.10.10"]
[SourceQuality "1"]
[WhiteTeam "Wloclawek Leszczynski"]
[BlackTeam "Swiecie Gambit"]
[WhiteTeamCountry "POL"]
[BlackTeamCountry "POL"]

1. e4 e5 2. Nc3 Nc6 3. g3 g6 4. Bg2 Bg7 5. d3 Nge7 6. Nge2 d6 7. 0-0 0-0 8. Be3 f5 9. f4 Nd4 10. Qd2 Be6 11. fxe5 dxe5 12. Bg5 Qd7 13. Rae1 Nec6 14. exf5 gxf5 15. Nxd4 Nxd4 16. Rf2 Rf7 17. Bh6 Bf6 18. Bg5 Bg7 19. Bh6 f4 20. Bxg7 Rxg7 21. Rxe5 fxg3 22. hxg3 c6 23. Ne4 Kh8 24. Qh6 Qe7 25. c3 Rg6 26. Qe3 Nb5 27. Ng5 Nc7 28. Rf7 Qxf7 29. Nxf7+ Bxf7 30. Re7 Nd5 31. Bxd5 Bxd5 32. c4 1-0

[Event "POL-chT 2nd League"]
[Site "Wysowa"]
[Date "2005.09.02"]
[Round "7.57"]
[White "Michalczyk, Stanislaw"]
[Black "Jablonski, Mariusz"]
[Result "1/2-1/2"]
[WhiteElo "2108"]
[BlackElo "2266"]
[PlyCount "22"]
[EventDate "2005.08.27"]
[EventType "team-swiss"]
[EventRounds "9"]
[EventCountry "POL"]
[SourceTitle "EXT 2019"]
[Source "ChessBase"]
[SourceDate "2018.10.10"]
[SourceVersion "1"]
[SourceVersionDate "2018.10.10"]
[SourceQuality "1"]
[WhiteTeam "Czerwionka Gornik 23"]
[BlackTeam "Wloclawek Leszczynski"]
[WhiteTeamCountry "POL"]
[BlackTeamCountry "POL"]

1. e4 c5 2. c3 Nf6 3. e5 Nd5 4. d4 cxd4 5. Qxd4 e6 6. Nf3 Nc6 7. Qe4 f5 8. exf6 Nxf6 9. Qh4 Be7 10. Bd3 0-0 11. Bg5 g6 1/2-1/2